000 00331nam a2200145Ia 4500
008 210210b1992 xxu||||| |||| 00| 0 eng d
082 _a530 BAJP
100 _aBAJAJ (N K).
245 _aPhysics for class XI.
260 _aND
_bT M H
_c1992
300 _a611
650 _aPhysics XI class
690 _aPhysics
906 _a046401
999 _c95425
_d95425